| 000 -LEADER |
| fixed length control field |
00596nam a2200229Ia 4500 |
| 001 - CONTROL NUMBER |
| control field |
20186 |
| 003 - CONTROL NUMBER IDENTIFIER |
| control field |
GE_BSU |
| 005 - DATE AND TIME OF LATEST TRANSACTION |
| control field |
20250714160154.0 |
| 008 - FIXED-LENGTH DATA ELEMENTS--GENERAL INFORMATION |
| fixed length control field |
181216s2005||||enk|||||||||||||| ||eng|| |
| 020 ## - INTERNATIONAL STANDARD BOOK NUMBER |
| International Standard Book Number |
9780582825017 |
| 040 ## - CATALOGING SOURCE |
| Transcribing agency |
GE_BSU |
| 080 ## - UNIVERSAL DECIMAL CLASSIFICATION NUMBER |
| Universal Decimal Classification number |
811.111(038) N-53 |
| 245 ## - TITLE STATEMENT |
| Title |
New Cutting EDGE. Mini-Dictionary. Elementary |
| 264 ## - PRODUCTION, PUBLICATION, DISTRIBUTION, MANUFACTURE, AND COPYRIGHT NOTICE |
| Place of production, publication, distribution, manufacture |
Harlow : |
| Name of producer, publisher, distributor, manufacturer |
Longman, |
| Date of production, publication, distribution, manufacture, or copyright notice |
2005. |
| 300 ## - PHYSICAL DESCRIPTION |
| Extent |
65 p. ; |
| Dimensions |
21cm. |
| Accompanying material |
+2CD. |
| 653 ## - INDEX TERM--UNCONTROLLED |
| keyword |
New Cutting EDGE |
| 653 ## - INDEX TERM--UNCONTROLLED |
| keyword |
Mini-Dictionary |
| 653 ## - INDEX TERM--UNCONTROLLED |
| keyword |
Elementary |
| 653 ## - INDEX TERM--UNCONTROLLED |
| keyword |
ინგლისური ენა |
| 942 ## - ADDED ENTRY ELEMENTS (KOHA) |
| Koha item type |
წიგნი |
| Source of classification or shelving scheme |
|